<?xml version="1.0" encoding="UTF-8"?>
<record
    xmlns:xsi="http://www.w3.org/2001/XMLSchema-instance"
    xsi:schemaLocation="http://www.loc.gov/MARC21/slim http://www.loc.gov/standards/marcxml/schema/MARC21slim.xsd"
    xmlns="http://www.loc.gov/MARC21/slim">

  <leader>00757nam a22001817a 4500</leader>
  <datafield tag="952" ind1=" " ind2=" ">
    <subfield code="0">0</subfield>
    <subfield code="1">0</subfield>
    <subfield code="4">0</subfield>
    <subfield code="7">0</subfield>
    <subfield code="a">01</subfield>
    <subfield code="b">01</subfield>
    <subfield code="d">2018-09-21</subfield>
    <subfield code="l">0</subfield>
    <subfield code="o">892.46 Is43</subfield>
    <subfield code="p">01 014324</subfield>
    <subfield code="r">2018-09-21</subfield>
    <subfield code="t">1</subfield>
    <subfield code="w">2018-09-21</subfield>
    <subfield code="y">LB</subfield>
  </datafield>
  <datafield tag="999" ind1=" " ind2=" ">
    <subfield code="c">103391</subfield>
    <subfield code="d">103391</subfield>
  </datafield>
  <controlfield tag="005">20231102152054.0</controlfield>
  <controlfield tag="008">180921b2013    mx |||||r|||| 00| 0 spa d</controlfield>
  <datafield tag="020" ind1=" " ind2=" ">
    <subfield code="a">9786071616555</subfield>
  </datafield>
  <datafield tag="082" ind1=" " ind2="4">
    <subfield code="a">892.46</subfield>
    <subfield code="b">T543</subfield>
  </datafield>
  <datafield tag="245" ind1=" " ind2=" ">
    <subfield code="a">Islas entre nosotros</subfield>
    <subfield code="b">: voces de la narrativa contempor&#xE1;nea israel&#xED;</subfield>
    <subfield code="c">/ compilaci&#xF3;n por Esther Seligson, Ioram Melcer; pr&#xF3;logo de Ioram Melcer; introducci&#xF3;n de Ang&#xE9;lica Mu&#xF1;iz-Huberman</subfield>
  </datafield>
  <datafield tag="260" ind1="3" ind2=" ">
    <subfield code="a">M&#xE9;xico</subfield>
    <subfield code="b">: Fondo de Cultura Econ&#xF3;mica</subfield>
    <subfield code="c">, 2013</subfield>
  </datafield>
  <datafield tag="300" ind1=" " ind2=" ">
    <subfield code="a">503 p&#xE1;ginas</subfield>
  </datafield>
  <datafield tag="490" ind1=" " ind2=" ">
    <subfield code="a">Tezontle</subfield>
  </datafield>
  <datafield tag="519" ind1=" " ind2=" ">
    <subfield code="a">Plan Flexible / </subfield>
    <subfield code="b">Periodismo y Medios Digitales / </subfield>
    <subfield code="c">Apreciaci&#xF3;n de Letras Contempor&#xE1;neas (B06-3) / </subfield>
    <subfield code="d">(01 014324)</subfield>
  </datafield>
  <datafield tag="650" ind1="1" ind2="4">
    <subfield code="a">LITERATURA HEBREA</subfield>
    <subfield code="y">SIGLO XX</subfield>
  </datafield>
  <datafield tag="650" ind1="2" ind2="4">
    <subfield code="a">CUENTOS ISRAEL&#xCD;ES</subfield>
  </datafield>
  <datafield tag="942" ind1=" " ind2=" ">
    <subfield code="2">lcc</subfield>
    <subfield code="c">HMAN</subfield>
  </datafield>
</record>
